States of Germany - Sudden Death - Statistics

General Stats
  • This quiz has been taken 36 times
  • The average score is 13 of 16
Answers on the Grid
Answers color-coded by a green-red scale on the quiz's grid according to % correct below.
Appenzell
Baden-Württemberg
Bavaria
Berlin
Brandenburg
Bremen
Carinthia
Fribourg
Glaraus
Hamburg
Hesse
Lower Saxony
Luzern
Mecklenburg-Vorpommern
North Rhine-Westphalia
Obwalden
Rhineland-Palatinate
Saarland
Salzburg
Saxony
Saxony-Anhalt
Schaffhausen
Schleswig-Holstein
Solothurn
Styria
Thurgau
Thurgau
Thuringia
Tyrol
Vienna
Vorarlberg
Zug
 
Answer Stats
Answer % Correct
Bavaria
94%
Baden-Württemberg
91%
Bremen
91%
Berlin
85%
Hamburg
85%
North Rhine-Westphalia
85%
Lower Saxony
82%
Schleswig-Holstein
82%
Hesse
79%
Rhineland-Palatinate
79%
Saxony-Anhalt
79%
Saarland
76%
Saxony
76%
Brandenburg
74%
Mecklenburg-Vorpommern
71%
Thuringia
68%
No matching quizzes found
Score Distribution
Percent of People with Each Score
Percentile by Number Answered
Your Score History
You have not taken this quiz